Comprendre et pratiquer la sociologie (notice n° 1925655)

détails MARC
000 -LEADER
fixed length control field 01310cam a2200133 4500500
005 - DATE AND TIME OF LATEST TRANSACTION
control field 20260329023228.0
041 ## - LANGUAGE CODE
Language code of text/sound track or separate title fre
042 ## - AUTHENTICATION CODE
Authentication code dc
100 10 - MAIN ENTRY--PERSONAL NAME
Personal name Brochier, Christophe
Relator term author
245 00 - TITLE STATEMENT
Title Comprendre et pratiquer la sociologie
260 ## - PUBLICATION, DISTRIBUTION, ETC.
Name of publisher, distributor, etc. Armand Colin,<br/>
Date of publication, distribution, etc. 2015.<br/>
520 ## - SUMMARY, ETC.
Summary, etc. Comment raisonnent et travaillent les sociologues ? Quels sont les principes de base qu’ils appliquent ? De quelle manière doit-on utiliser le vocabulaire sociologique ? Comment conduire une courte enquête sociologique et rédiger un compte rendu de recherches ? C’est à ces questions et d’autres encore sur la pratique de la sociologie que ce manuel d’initiation se propose de répondre. Il est destiné aussi bien aux étudiants de sociologie, qui cherchent un rappel des bases ou le moyen de passer de la théorie à la pratique, qu’à des étudiants non sociologues (en droit, gestion, économie, STAPS, etc.) désireux de saisir les fondamentaux de cette discipline. Ne nécessitant pas un bagage préalable en sciences sociales, illustré de nombreux exemples, ce livre constitue un outil passionnant pour apprendre, découvrir et pratiquer la sociologie autrement.
856 41 - ELECTRONIC LOCATION AND ACCESS
Uniform Resource Identifier <a href="https://shs.cairn.info/comprendre-et-pratiquer-la-sociologie--9782200601348?lang=fr&redirect-ssocas=7080">https://shs.cairn.info/comprendre-et-pratiquer-la-sociologie--9782200601348?lang=fr&redirect-ssocas=7080</a>

Pas d'exemplaire disponible.

PLUDOC

PLUDOC est la plateforme unique et centralisée de gestion des bibliothèques physiques et numériques de Guinée administré par le CEDUST. Elle est la plus grande base de données de ressources documentaires pour les Étudiants, Enseignants chercheurs et Chercheurs de Guinée.

Adresse

627 919 101/664 919 101

25 boulevard du commerce
Kaloum, Conakry, Guinée

Réseaux sociaux

Powered by Netsen Group @ 2025